000 00348nam a2200133Ia 4500
008 240624s9999 xx 000 0 und d
041 _aeng
082 _a920 BHA
100 _aBHATIA SHYAM
245 _aGOODBYE SHAHZADI A POLITICAL BIOGRAPHY O
260 _c2008
_aNew Delhi
_bRoli Books
300 _axiv, : 130 : p. : cm. ; 22
365 _cRS
_b20
999 _c14122
_d14122